| 000 | 02526nam a2200373 i 4500 | ||
|---|---|---|---|
| 003 | CSPC | ||
| 005 | 20250122111910.0 | ||
| 008 | 250120s2021 si a 001 0 eng d | ||
| 020 | _a9789814896962 | ||
| 040 |
_cCSPC _aCSPC _beng _erda |
||
| 050 | 0 | 4 |
_aGE105 _b.M547 2021 |
| 082 | 0 | 4 |
_a363.7 _bM612l _223 |
| 100 | 1 |
_aMiller, G. Tyler, _eauthor. |
|
| 245 | 1 | 0 |
_aLiving in the environment / _cG. Tyler Miller and Scott E. Spoolman. |
| 250 | _aTwentieth edition. | ||
| 264 | 1 |
_aSingapore : _bCengage Learning Asia Pte Ltd, _c2021. |
|
| 300 |
_axxviii, 129 pages : _bcolored illustrations ; _c28 cm. |
||
| 336 |
_2rdacontent _atext |
||
| 337 |
_2rdamedia _aunmediated |
||
| 338 |
_2rdacarrier _avolume |
||
| 500 | _aIncludes index. | ||
| 505 | 0 | _aUnit 1: Humans and sustainability an overview -- The environment and sustainability -- Unit 2: Science, ecological principles, and sustainability -- Science, matter, energy, and systems -- Ecosystems: What are they and how do they work? -- Biodiversity and evolution -- Species interactions, ecological succession, and population control -- The human population -- Climate and terrestrial biodiversity -- Aquatic biodiversity -- Unit 3: Sustaining biodiversity -- Sustaining biodiversity: saving species and ecosystem services -- Sustaining biodiversity: saving ecosystems and ecosystem services -- Sustaining aquatic biodiversity and ecosystem services -- Unit 4: Sustaining natural resources -- Food production and the environment -- Water resources -- Geology and mineral resources -- Nonrenewable energy -- Energy efficiency and renewable energy -- Unit 5: Sustaining environmental quality -- Environmental hazards and human health -- Air pollution and ozone depletion -- Climate change -- Water pollution -- Solid and hazardous waste -- Urbanization and sustainability -- Unit 6: Sustaining human societies -- Economics, environment, and sustainability -- Politics, environment, and sustainability -- Environmental worldviews, ethics, and sustainability. | |
| 650 | 0 | _aEnvironmental sciences. | |
| 650 | 0 | _aHuman ecology. | |
| 650 | 0 | _aPollution. | |
| 650 | 0 | _aSustainable development. | |
| 650 | 0 |
_aEnvironmental sciences _xTextbooks. |
|
| 650 | 0 |
_aHuman ecology _xTextbooks. |
|
| 650 | 0 |
_aPollution _xTextbooks. |
|
| 650 | 0 |
_aSustainable development _xTextbooks. |
|
| 700 | 1 |
_aSpoolman, Scott E., _eauthor. |
|
| 942 |
_2ddc _n0 _cBK _e23 _h363.7 _iM612l _kCIR _m2021 |
||
| 999 |
_c28647 _d28647 |
||